000 00318nam a22001337a 4500
008 181205b xxu||||| |||| 00| 0 eng d
020 _a0571112447
041 _aeng
080 _a720
100 _a41
101 _aARK
245 _aIllustrated Handbook of Vernacular Architecture
_cBrunskill,R.W
942 _2udc
_cBK
999 _c52849
_d52849